MARC details
| 000 -LEADER |
| fixed length control field |
01463cam a22003854a 4500 |
| 001 - CONTROL NUMBER |
| control field |
7387 |
| 003 - CONTROL NUMBER IDENTIFIER |
| control field |
BD-DhEWU |
| 005 - DATE AND TIME OF LATEST TRANSACTION |
| control field |
20140309173055.0 |
| 008 - FIXED-LENGTH DATA ELEMENTS--GENERAL INFORMATION |
| fixed length control field |
140220s2012 nyua g b 001 0 eng d |
| 020 ## - INTERNATIONAL STANDARD BOOK NUMBER |
| International Standard Book Number |
9780071748896 (set) |
|
| International Standard Book Number |
9780071632447 (vol. 1) |
|
| International Standard Book Number |
9780071748872 (vol. 2) |
| 035 ## - SYSTEM CONTROL NUMBER |
| System control number |
(OCoLC)756234248 |
| 040 ## - CATALOGING SOURCE |
| Original cataloging agency |
DNLM/DLC |
| Transcribing agency |
DLC |
| Modifying agency |
DLC |
| -- |
BD-DhEWU |
| Language of cataloging |
eng |
| 041 ## - LANGUAGE CODE |
| Language code of text/sound track or separate title |
eng |
| 050 00 - LIBRARY OF CONGRESS CALL NUMBER |
| Classification number |
RC46 |
| Item number |
.H333 2012 |
| 060 10 - NATIONAL LIBRARY OF MEDICINE CALL NUMBER |
| Classification number |
WB 115 |
| Item number |
H322 2011 |
| 082 00 - DEWEY DECIMAL CLASSIFICATION NUMBER |
| Classification number |
616 |
| Edition number |
22 |
| Item number |
HAR 2012 |
| 245 00 - TITLE STATEMENT |
| Title |
Harrison's principles of internal medicine. |
| 246 30 - VARYING FORM OF TITLE |
| Title proper/short title |
Principles of internal medicine |
| 250 ## - EDITION STATEMENT |
| Edition statement |
18th ed. / |
| 260 ## - PUBLICATION, DISTRIBUTION, ETC. (IMPRINT) |
| Place of publication, distribution, etc |
New York : |
| Name of publisher, distributor, etc |
McGraw-Hill, |
| Date of publication, distribution, etc |
2012. |
| 300 ## - PHYSICAL DESCRIPTION |
| Extent |
2 v. (xliii, 3610, I-158 p.) : |
| Other physical details |
ill. ; |
| Dimensions |
28 cm. + |
| 504 ## - BIBLIOGRAPHY, ETC. NOTE |
| Bibliography, etc |
Includes bibliographical references and index. |
| 505 0# - FORMATTED CONTENTS NOTE |
| Formatted contents note |
v. 1. Chapters 1-223 (p. 1-1796) -- v. 2. Chapters 224-397 (p. 1797-3583). |
| 520 ## - SUMMARY, ETC. |
| Summary, etc |
Summary:<br/>The most widely read textbook in the history of medicine - made more essential to practice and education by an unmatched array of multi-media content |
| 526 ## - STUDY PROGRAM INFORMATION NOTE |
| Program name |
Pharmacy |
| 590 ## - LOCAL NOTE (RLIN) |
| Local note |
Tahur Ahmed |
| 650 #0 - SUBJECT ADDED ENTRY--TOPICAL TERM |
| Topical term or geographic name as entry element |
Internal medicine. |
| 9 (RLIN) |
204 |
|
| Topical term or geographic name as entry element |
Internal Medicine. |
| 9 (RLIN) |
204 |
| 700 1# - ADDED ENTRY--PERSONAL NAME |
| Personal name |
Longo, Dan L. |
| Fuller form of name |
(Dan Louis), |
| Dates associated with a name |
1949- |
| 9 (RLIN) |
3567 |
| 856 ## - ELECTRONIC LOCATION AND ACCESS |
| Materials specified |
WorldCat details |
| Uniform Resource Identifier |
http://www.worldcat.org/title/harrisons-principles-of-internal-medicine-vol-1/oclc/756234248&referer=brief_results |
| 942 ## - ADDED ENTRY ELEMENTS (KOHA) |
| Source of classification or shelving scheme |
Dewey Decimal Classification |
| Koha item type |
Text |